00529nam a2200145Ia 4500003000400000008004100004040001600045082001800061100002700079245018500106260005700291300001100348490000500359650001900364GCL140319s9999 xx 000 0 ara d aGCL / cGCL04a346.07bع ش1 aعلى حسن يونس10aالشركات التجارية:شركات المساهمة والتوصية بالاسهم والشركات ذات المسئولية المحدودة / cعلى حسن يونس a[S.N] : bفؤاد هاشم الكتبى ، c1991 a711 ص a04aالقانون